Loading...
Hama kauna haiṃ? /
Stories based on the life of Dalits and their status in society.
| Main Author: | |
|---|---|
| Format: | Printed Book |
| Language: | Hindi |
| Edition: | Prathama saṃskaraṇa. |
| Subjects: |
| LEADER | 01446cam a22003377i 4500 | ||
|---|---|---|---|
| 008 | 120803s2012 ii g 000 j hinod | ||
| 010 | |a 2013317014 | ||
| 020 | |a 9789350008188 | ||
| 020 | |a 9350008181 | ||
| 025 | |a I-H-2013-317014; 10 | ||
| 035 | |a (OCoLC)ocn809236331 | ||
| 035 | |a (OCoLC)809236331 | ||
| 042 | |a lccopycat |a lcode | ||
| 082 | 0 | 4 | |a 891.43371 |2 23 |
| 100 | 1 | |a Mīnū, Rajata Rānī, | |
| 245 | 1 | 0 | |a Hama kauna haiṃ? / |c Rajata Rānī "Mīnū". |
| 250 | |a Prathama saṃskaraṇa. | ||
| 300 | |a 124 pages ; |c 23 cm | ||
| 500 | |a Short stories. | ||
| 505 | 0 | |a Hama kauna haiṃ? -- Pharamāna -- Sunītā -- Ve dina -- Dhokhā -- Miṭṭhū kī virāsata -- vaha eka rāta -- Salonī -- Bhāīcārā -- Riśtā -- Mahāmahima kā bhāshaṇa -- Giroha. | |
| 520 | |a Stories based on the life of Dalits and their status in society. | ||
| 546 | |a In Hindi. | ||
| 650 | 0 | |a Dalits |x Social conditions |v Fiction. | |
| 650 | 0 | |a Short stories, Hindi. | |
| 653 | |a Hindi-Kahani | ||
| 942 | |2 ddc |c BK | ||
| 246 | 1 | |i Title on title page verso in roman: |a Hum kaun hain | |
| 906 | |a 7 |b cbc |c copycat |d 4 |e ncip |f 20 |g y-gencatlg | ||
| 955 | |h wd40 2013-04-18 to Asian |a sbin 2014-01-28 received in Asian Div. | ||
| 999 | |c 246821 |d 246821 | ||
| 952 | |0 0 |1 0 |4 0 |6 891_433710000000000 |7 0 |9 274035 |a HIN |b HIN |c S-41 |d 2015-02-16 |e The Bookshop,Publication Division,University of Calicut |g 200.00 |i 23339 |l 0 |o 891.43371 |p HIN23339 |r 2015-02-16 |w 2018-08-23 |y BK | ||